Top 15 nba players of the 90s - Statistics

General Stats
  • This quiz has been taken 1,483 times
  • The average score is 11 of 15
Answer Stats
Hint Answer % Correct
1. Bulls Michael Jordan
97%
3. Jazz Karl Malone
91%
4. Magic and lakers Shaq
91%
6. Bulls Scottie pippen
89%
8. Jazz John Stockton
87%
2. Rockets Hakeem Olajuwon
86%
5. spurs David Robinson
84%
7. Suns and rockets Charles Barkley
82%
10. Trail blazers and rockets Clyde drexler
76%
9. Knicks and sonics Patrick Ewing
72%
15. Hornets and heat Alonzo mourning
61%
14. Pistons Joe dumars
50%
12. Warriors and heat Tim hardaway
44%
11. Pistons Grant hill
28%
13. Kings and warriors Mitch Richmond
23%
No matching quizzes found
Score Distribution
Percent of People with Each Score
Percentile by Number Answered
Your Score History
You have not taken this quiz